Normal view
MARC view
- Fra, Irene,
Entry Nombre Personal
001 - NUMERO DE CONTROL
- campo de control: 46420
003 - IDENTIFICADOR DE NUMERO DE CONTROL
- campo de control: UPN
005 - FECHA Y HORA DE LA ÜLTIMA TRANSACCIÓN
- campo de control: 20220915134847.0
008 - DATOS DE LONGITUD FIJA
- campo de control de longitud fija: 220915nn acannaabn n aaa d
040 ## - FUENTE DE CATALOGACIÓN
- Agencia original de catalogación: UPN
100 1# - ENCABEZAMIENTO - NOMBRE PERSONAL
- Nombre personal: Fra, Irene,
- Fechas asociadas con el nombre: 1971-
400 1# - VEÁSE - NOMBRE DE PERSONA
- Personal name: Fra Gálvez, Irene,
- Dates associated with a name: 1971-
670 ## - FUENTE EN LA QUE SE LOCALIZARON DATOS
- Cita de la fuente: LC
680 ## - NOTA PUBLICA DE ACCESO PÚBLICO
- Frase explicativa de la referencia: Ilustradora española de libros infantiles
902 ## - CATALOGADOR
- Catalogador: CAA/150922
